Tai chi. : (Record no. 41749)
[ view plain ]
| 000 -CABECERA | |
|---|---|
| campo de control de longitud fija | 00567nam a2200169 a 4500 |
| 001 - NÚMERO DE CONTROL | |
| campo de control | 000042260 |
| 005 - FECHA Y HORA DE LA ÚLTIMA TRANSACCIÓN | |
| campo de control | 20201002040034.0 |
| 008 - DATOS DE LONGITUD FIJA--INFORMACIÓN GENERAL | |
| campo de control de longitud fija | 131120s2003 mx 000 0 spa d |
| 020 ## - NÚMERO INTERNACIONAL ESTÁNDAR DEL LIBRO | |
| Número Internacional Estándar del Libro | 9681912195 |
| 040 ## - FUENTE DE LA CATALOGACIÓN | |
| Centro catalogador/agencia de origen | DO-SdBNP |
| Lengua de catalogación | spa |
| Centro/agencia transcriptor | BNPHU |
| 082 ## - NÚMERO DE LA CLASIFICACIÓN DECIMAL DEWEY | |
| Número de clasificación | xxxx |
| Número de documento/Ítem | xxxx |
| 100 1# - ENTRADA PRINCIPAL--NOMBRE DE PERSONA | |
| Nombre de persona | Myoki Lehrhaupt, Linda |
| 9 (RLIN) | 69289 |
| 240 10 - TÍTULO UNIFORME | |
| Título uniforme | T´ai chi as a path of wisdom |
| Fecha de publicación/de la obra | 2001 |
| 245 10 - MENCIÓN DE TÍTULO | |
| Título | Tai chi. : |
| Resto del título | un camino de sabiduría para el crecimiento personal / |
| Mención de responsabilidad, etc. | Linda Myoki Lehrhaupt; traducción, Marta Mauri. |
| 260 ## - PUBLICACIÓN, DISTRIBUCIÓN, ETC. | |
| Lugar de publicación, distribución, etc. | México, : |
| Nombre del editor, distribuidor, etc. | Alamah, |
| Fecha de publicación, distribución, etc. | 2003. |
| 700 1# - PUNTO DE ACCESO ADICIONAL--NOMBRE DE PERSONA | |
| Nombre de persona | Mauri, Marta |
| Término indicativo de función/relación | trad. |
| 9 (RLIN) | 69290 |
| Estado de retiro | Estado de pérdida | Restricciones de uso | No para préstamo | Código de colección | Localización permanente | Ubicación/localización actual | Ubicación en estantería | Fecha de adquisición | Número de inventario | Total de préstamos | Signatura topográfica completa | Código de barras | Fecha visto por última vez | Precio válido a partir de | Tipo de ítem Koha |
|---|---|---|---|---|---|---|---|---|---|---|---|---|---|---|---|
| Excluido de préstamo | Monografías: Libros y Folletos | General | General | En catalogación | 20.11.2013 | LF1 | xxxx xxxx | 42260-10 | 25.06.2020 | 25.06.2020 | No se presta |
